Statistics for Interstate I-40 Cities

Click here to take the quiz!

General Stats

  • This quiz has been taken 137 times
  • The average score is 17 of 19

Answer Stats

State% Correct
Arizona
95%
California
95%
New Mexico
95%
Oklahoma
95%
Texas
95%
Arkansas
94%
Tennessee
94%
Memphis
93%
Nashville
93%
Oklahoma City
92%
Little Rock
91%
North Carolina
91%
Albuquerque
86%
Knoxville
84%
Raleigh
84%
Amarillo
82%
Durham
69%
Greensboro
68%
Winston-Salem
66%

Score Distribution

Percentile by Number Answered

Percent of People with Each Score

Your Score History

You have not taken this quiz